| 000 | 00806nam a2200229 a 4500 | ||
|---|---|---|---|
| 999 |
_c9032 _d9032 |
||
| 001 | 9032 | ||
| 003 | BD-JhCC | ||
| 005 | 20180524100623.0 | ||
| 008 | 180307s19891992 |||| ||a| 000 0 be d | ||
| 020 | _a9840501186 | ||
| 035 | _a(BD-JhCC)9032 | ||
| 040 |
_aBD-JhCC _dBD-JhCC |
||
| 041 | _aben | ||
| 082 |
_a320 _bISL 1989 |
||
| 100 | _aইসলাম, রফিকুল. | ||
| 245 |
_aবাংলাদেশ : _bসামরিক শাসন ও গ্ণতন্ত্রের সংকট / _cমেজর (অব) রফিকুল ইসলাম . |
||
| 260 |
_aঢাকা : _bইউনিভার্সিটি প্রেস লিমিটেড ; _c1989 . |
||
| 300 |
_a`178 p. : _c20 cm. |
||
| 650 |
_aPolitics and government. _zBangladesh. |
||
| 942 |
_2lcc _cBK |
||